000 00392nam a2200157Ia 4500
008 220805s9999 xx 000 0 und d
020 _a978-0-07-061098-3
041 _aeng
082 _a650.1
100 _aDominguez,Linda R.
_988591
260 _aNew Delhi
_bTata Mc Graw Hill
_c2005
245 _aHow to shine at work
250 _a1
300 _a291
650 _aPersonal success
_988592
999 _c48754
_d48754